| 000 | 00674nam a2200205 i 4500 | ||
|---|---|---|---|
| 001 | 54275 | ||
| 003 | ES-MaACL | ||
| 005 | 20250920063039.0 | ||
| 007 | t| | ||
| 008 | 031203s1898 fr ||||1| fre d | ||
| 100 | 1 |
_aFleury, Maurice de, _d1860-1931 _9154054 |
|
| 245 | 1 | 2 |
_aL'âme du criminel / _cpar le Dr. Maurice de Fleury. |
| 260 |
_aParis : _bF. Alcan, _c1898 ( _eCoulommiers : _fPaul Brodard) |
||
| 300 |
_aXVI, 192 p. ; _c18 cm. |
||
| 490 | 1 | _aBibliothèque de philosophie contemporaine | |
| 650 | 4 |
_aCrimen y criminales. _911417 |
|
| 830 | 0 |
_aBibliothèque de philosophie contemporaine _9181027 |
|
| 852 |
_aES-MaACL _jF-12002 |
||
| 999 |
_c54275 _d54275 |
||